| 000 | 00462nam a22001697a 4500 | ||
|---|---|---|---|
| 005 | 20241016151717.0 | ||
| 008 | 241016b |||||||| |||| 00| 0 eng d | ||
| 020 | _a1-800-215-1000 | ||
| 082 |
_a617.477 _bGOL-L |
||
| 100 | _aGoldberg, David. L | ||
| 245 |
_aLaser Hair Removal / _cby David. L Goldberg |
||
| 260 |
_aSingapore : _bKyodo Printing Co; |
||
| 300 |
_a215 p. : _bill ; |
||
| 500 | _aInclude Index. | ||
| 650 | _aRadiology /Medical | ||
| 999 |
_c36676 _d36676 |
||